Analisi musicale (L')-Modello o occasione? (Record n. 73734)
[ formato base ]
| 000 -LEADER | |
|---|---|
| fixed length control field | 01381nam a2200301Ia 4500 |
| 001 - CONTROL NUMBER | |
| control field | 23604 |
| 003 - CONTROL NUMBER IDENTIFIER | |
| control field | IT-RoPAU |
| 008 - FIXED-LENGTH DATA ELEMENTS--GENERAL INFORMATION | |
| fixed length control field | 130308s9999 xx 000 0 und d |
| 040 ## - CATALOGING SOURCE | |
| Original cataloging agency | IT-RoPAU |
| 040 ## - CATALOGING SOURCE | |
| Transcribing agency | IT-RoPAU |
| 041 ## - LANGUAGE CODE | |
| Language code of text/sound track or separate title | ITALIANO |
| 999 ## - SYSTEM CONTROL NUMBERS (KOHA) | |
| Koha Dewey Subclass [OBSOLETE] | SI |
| 100 ## - MAIN ENTRY--PERSONAL NAME | |
| Personal name | De Natale Marco |
| 100 ## - MAIN ENTRY--PERSONAL NAME | |
| Miscellaneous information | Codice Aut. SPICS: 814 |
| 245 ## - TITLE STATEMENT | |
| Title | Analisi musicale (L')-Modello o occasione? |
| 245 ## - TITLE STATEMENT | |
| Remainder of title | Analisi Musicale (L')-Modello o Occasione? |
| 250 ## - EDITION STATEMENT | |
| Edition statement | 1a ed. |
| 260 ## - PUBLICATION, DISTRIBUTION, ETC. (IMPRINT) | |
| Place of publication, distribution, etc. | NAPOLI |
| 260 ## - PUBLICATION, DISTRIBUTION, ETC. (IMPRINT) | |
| Name of publisher, distributor, etc. | Morano |
| 260 ## - PUBLICATION, DISTRIBUTION, ETC. (IMPRINT) | |
| Date of publication, distribution, etc. | 1981 [1° Ed.:1981 - Ed.Ling.Originale:1981] |
| 300 ## - PHYSICAL DESCRIPTION | |
| Extent | "160 p. (prefazione: no ; testo: 160)" |
| 500 ## - GENERAL NOTE | |
| General note | Saggio su Robert Schumann presentazione di Enrico Fubini Melodia Armonia integrazione Diastematica Cadenze ritmo e Forma pensiero Musicale Spielfiguren Schumaniane Struttura di Melodicità Schumaniana Processi Adattivi del Pianismo Poetico Fondale del Contenutismo figure Musicali Dalla Mimica del motivo maschera al Tema carattere Variazioni Come Metamorfosi dal Mito del Volkslied Alla Rigenerazione della Forma voce Umana Comehumus dell'invenzione Schumaniana Pregnanza figurativa del motivo Novellistica Riformulazione ideologica della Forma Genere Come fondamento della Forma Forma Oggetto Come Linguaggio |
| 650 ## - SUBJECT ADDED ENTRY--TOPICAL TERM | |
| Topical term or geographic name as entry element | AUTORI/OPERE DI MUSICA |
| 650 ## - SUBJECT ADDED ENTRY--TOPICAL TERM | |
| Relator term | Codice materia Spics: 7007 |
| 942 ## - ADDED ENTRY ELEMENTS (KOHA) | |
| Koha item type | LIBRO |
| 957 ## - | |
| -- | 1 |
| 999 ## - SYSTEM CONTROL NUMBERS (KOHA) | |
| -- | 1 |
| Withdrawn status | Lost status | Damaged status | Not for loan | Home library | Current library | Date acquired | Total Checkouts | Full call number | Date last seen | Price effective from | Koha item type | Public note |
|---|---|---|---|---|---|---|---|---|---|---|---|---|
| Buone Condizioni | Not For Loan | SPICS-MEDIATECA | SPICS-MEDIATECA | 08/03/2013 | 23604 | 08/03/2013 | 08/03/2013 | LIBRO | Progressivo inserimento: 47792 / N. Volumi: 1 Copie: 1 Copia Rara: SI / data import: 1 marzo 2013 - By Epidotti, Trombetti, Vaglietti. |